MARC details
| 000 -LEADER |
| fixed length control field |
02550cam a2200289 i 4500 |
| 005 - DATE AND TIME OF LATEST TRANSACTION |
| control field |
20260112063321.0 |
| 010 ## - LIBRARY OF CONGRESS CONTROL NUMBER |
| LC control number |
2013-034917 |
| 020 ## - INTERNATIONAL STANDARD BOOK NUMBER |
| International Standard Book Number |
9781107034914 (hardback) |
| 020 ## - INTERNATIONAL STANDARD BOOK NUMBER |
| International Standard Book Number |
9781107610200 (paperback) |
| 039 ## - LEVEL OF BIBLIOGRAPHIC CONTROL AND CODING DETAIL [OBSOLETE] |
| Level of rules in bibliographic description |
202504241716 |
| Level of effort used to assign nonsubject heading access points |
staff |
| Level of effort used to assign subject headings |
202111101229 |
| Level of effort used to assign classification |
staff |
| Level of effort used to assign subject headings |
202010201133 |
| Level of effort used to assign classification |
staff |
| Level of effort used to assign subject headings |
201508251953 |
| Level of effort used to assign classification |
staff |
| -- |
201411271614 |
| -- |
staff |
| 082 ## - DEWEY DECIMAL CLASSIFICATION NUMBER |
| Classification number |
576.8 |
| Item number |
KAM [ Shelf 3 ] |
| 100 ## - MAIN ENTRY--PERSONAL NAME |
| Personal name |
Kampourakis, Kostas, |
| Relator term |
author. |
| 245 ## - TITLE STATEMENT |
| Title |
Understanding evolution / |
| Statement of responsibility, etc. |
Kostas Kampourakis, University of Geneva, Switzerland. |
| 264 ## - PRODUCTION, PUBLICATION, DISTRIBUTION, MANUFACTURE, AND COPYRIGHT NOTICE |
| Place of production, publication, distribution, manufacture |
Cambridge ; |
| -- |
New York : |
| Name of producer, publisher, distributor, manufacturer |
Cambridge University Press, |
| Date of production, publication, distribution, manufacture, or copyright notice |
2014. |
| 300 ## - PHYSICAL DESCRIPTION |
| Extent |
xix, 253 pages : |
| Other physical details |
illustrations ; |
| Dimensions |
26 cm |
| 336 ## - CONTENT TYPE |
| Content type term |
text |
| Source |
rdacontent |
| 337 ## - MEDIA TYPE |
| Media type term |
unmediated |
| Source |
rdamedia |
| 338 ## - CARRIER TYPE |
| Carrier type term |
volume |
| Source |
rdacarrier |
| 504 ## - BIBLIOGRAPHY, ETC. NOTE |
| Bibliography, etc. note |
Includes bibliographical references (pages 228-250) and index. |
| 505 ## - FORMATTED CONTENTS NOTE |
| Formatted contents note |
1. An evolving world -- 2. Religious resistance to accepting evolution -- 3. Conceptual obstacles to understanding evolution -- 4. Charles Darwin and the Origin of Species: a historical case study of conceptual change -- The development of Darwin's theory -- Darwin's conceptual change -- 5. , Common ancestry -- 6. Evolutionary change -- Concluding remarks. |
| 520 ## - SUMMARY, ETC. |
| Summary, etc. |
"Current books on evolutionary theory all seem to take for granted the fact that students find evolution easy to understand when actually, from a psychological perspective, it is a rather counterintuitive idea. Evolutionary theory, like all scientific theories, is a means to understanding the natural world. Understanding Evolution is intended for undergraduate students in the life sciences, biology teachers or anyone wanting a basic introduction to evolutionary theory. Covering core concepts and the structure of evolutionary explanations, it clarifies both what evolution is about and why so many people find it difficult to grasp. The book provides an introduction to the major concepts and conceptual obstacles to understanding evolution, including the development of Darwin's theory, and a detailed presentation of the most important evolutionary concepts. Bridging the gap between the concepts and conceptual obstacles, Understanding Evolution presents evolutionary theory with a clarity and vision students will quickly appreciate"-- |
| Assigning source |
Provided by publisher. |
| 650 ## - SUBJECT ADDED ENTRY--TOPICAL TERM |
| Topical term or geographic name entry element |
Evolution (Biology) |
| 650 ## - SUBJECT ADDED ENTRY--TOPICAL TERM |
| Topical term or geographic name entry element |
SCIENCE / Life Sciences / Evolution. |
| Source of heading or term |
bisacsh |
| 991 ## - |
| -- |
VIRTUA |
| 991 ## - |
| -- |
VTLSSORT0080*0100*0200*0201*0820*1000*2450*2640*3000*3360*3370*3380*5040*5050*5200*6500*6501*9992 |
| 909 ## - |
| -- |
5181 |